| 000 | 00683cas a22002291 4500 | ||
|---|---|---|---|
| 001 | 0000013105 | ||
| 005 | 20151217160929.0 | ||
| 008 | 090602c xxur p 0 0eng d | ||
| 022 | _a0163-3341 | ||
| 040 |
_aKABU _cKABU |
||
| 245 | 0 | 0 | _aEntrepreneur. |
| 260 |
_aIrvine, CA. : _bEntrepreneur Media, _c1978 -. |
||
| 300 |
_av : _bill. |
||
| 310 | _aMonthly, | ||
| 500 | _aBound volumes. | ||
| 650 | 0 |
_aBusiness. _@0000149956 |
|
| 650 | 0 |
_aSuccess _vPeriodicals. _@0000170225 |
|
| 852 | 1 | _9p400.20 KES monthly | |
| 908 | _a090602 | ||
| 950 | _@1 | ||
| 999 |
_c14794 _d14794 |
||